Statistics for Geography Mega Generator Puzzle #1

Click here to take the quiz!

General Stats

  • This quiz has been taken 2,705 times
    (2,684 since last reset)
  • The average score is 11 of 22

Answer Stats

hintanswer% Correct
Muscat is its capitalOman
83%
one-syllable US stateMaine
81%
Nicolae Ceaușescu's and
Nadia Comăneci's country
Romania
81%
Beijing's dialectMandarin
74%
its internet TLD is .irIran
66%
ex-Soviet republic with Mt Ararat
on its emblem
Armenia
62%
Pacific nation that gained a day by skipping Dec 30 2011Samoa
62%
capital of Lazio in ItalyRome
60%
Hoosier state, named for its indigenous peopleIndiana
58%
Titan, Oberon, Phobosmoons
55%
9-letter locationINDONESIA
51%
capital city since 1991 secession from EthiopiaAsmara
44%
seasonal movers, 40% of Tibet's populationnomads
44%
sea west of GreeceIonian
42%
zenith's antonymnadir
40%
Comorian capitalMoroni
39%
Algeria's currencydinar
34%
Middle East's highest capital,
2300 m / 7500 ft
Sana'a
34%
Portuguese archipelagoMadeira
32%
9-letter locationSAN MARINO
23%
English plateauYorkshire {Moors}
20%
Old Testament city,
Lebanon's 3rd largest
Sidon
12%

Score Distribution

Percentile by Number Answered

Percent of People with Each Score

Your Score History

You have not taken this quiz since the last reset